书目信息 |
| 题名: |
创造历史的13位音乐家
|
|
| 作者: | 多特里什 著 ;胡婧 译 | |
| 分册: | ||
| 出版信息: | 北京 现代出版社 2022 |
|
| 页数: | 292页 | |
| 开本: | 21cm | |
| 丛书名: | ||
| 单 册: | ||
| 中图分类: | K815.76 , K815.7 | |
| 科图分类: | ||
| 主题词: | 音乐家--生平事迹--世界 | |
| 电子资源: | ||
| ISBN: | 978-7-5143-9418-4 | |
| 000 | 01105nam0 2200265 450 | |
| 001 | 2473570648 | |
| 005 | 20240105202623.06 | |
| 010 | @a978-7-5143-9418-4@b精装@dCNY69.00 | |
| 100 | @a20220616d2022 em y0chiy50 ea | |
| 101 | 1 | @achi@cfre |
| 102 | @aCN@b110000 | |
| 105 | @ay z 000yc | |
| 200 | 1 | @a创造历史的13位音乐家@Achuang zao li shi de 13 wei yin yue jia@dCes musiciens qui ont fait l'histoire@f(法)洛尔·多特里什著@g胡婧译@zfre |
| 210 | @a北京@c现代出版社@d2022 | |
| 215 | @a292页@d21cm | |
| 305 | @a巴黎迪法国际版权代理 | |
| 330 | @a本书收录了13位音乐大师的创作经历,将音乐与历史结合在一起,呈现出了一种与众不同的传记类型,揭示音乐家不为人知的创作过程,让读者在重温时代背景的同时对大师音乐有更深层的解读。涉及的音乐家有莫扎特、贝多芬、成尔第、德彪西、肖斯塔科维奇等。 | |
| 510 | 1 | @aCes musiciens qui ont fait l'histoire@zfre |
| 606 | 0 | @a音乐家@x生平事迹@y世界 |
| 690 | @aK815.76@v5 | |
| 690 | @aK815.7@v4 | |
| 701 | 0 | @c(法)@a多特里什@Aduo te li shen@c(Dautriche, Laure)@4著 |
| 702 | 0 | @a胡婧@Ahu jing@c(法语)@4译 |
| 801 | 0 | @aCN@b91MARC@c20220620 |
| 905 | @aZUCC@dK815.7@e21 | |
| 创造历史的13位音乐家=Ces musiciens qui ont fait l'histoire/(法)洛尔·多特里什著/胡婧译.-北京:现代出版社,2022 |
| 292页;21cm |
| ISBN 978-7-5143-9418-4(精装):CNY69.00 |
| 本书收录了13位音乐大师的创作经历,将音乐与历史结合在一起,呈现出了一种与众不同的传记类型,揭示音乐家不为人知的创作过程,让读者在重温时代背景的同时对大师音乐有更深层的解读。涉及的音乐家有莫扎特、贝多芬、成尔第、德彪西、肖斯塔科维奇等。 |
| ● |
| 相关链接 |
|
|
|
正题名:创造历史的13位音乐家
索取号:K815.7/21
 
预约/预借
| 序号 | 登录号 | 条形码 | 馆藏地/架位号 | 状态 | 备注 |
| 1 | 2001734639 | 2001734639 | 辽宁北方(第一批)/辽宁北方(第一批)/449/ [索取号:K815.7/21] | 在馆 | |
| 2 | 2001734640 | 2001734640 | 辽宁北方(第一批)/辽宁北方(第一批)/449/ [索取号:K815.7/21] | 在馆 | |
| 3 | 2001734641 | 2001734641 | 辽宁北方(第一批)/辽宁北方(第一批)/449/ [索取号:K815.7/21] | 在馆 | |
| 4 | 2001734642 | 2001734642 | 辽宁北方(第一批)/辽宁北方(第一批)/449/ [索取号:K815.7/21] | 在馆 | |
| 5 | 2001734643 | 2001734643 | 辽宁北方(第一批)/辽宁北方(第一批)/449/ [索取号:K815.7/21] | 在馆 | |
| 6 | 2001734644 | 2001734644 | 辽宁北方(第一批)/辽宁北方(第一批)/449/ [索取号:K815.7/21] | 在馆 |